| 000 | 00526nam a2200169 i 4500 | ||
|---|---|---|---|
| 001 | 76639 | ||
| 003 | ES-MaACL | ||
| 005 | 20230906172916.0 | ||
| 007 | t| | ||
| 008 | 041004s1927 sp ||||1| spa d | ||
| 245 | 0 | 0 |
_aGuía de Tenerife / _ceditada por el Cabildo Insular de Tenerife. |
| 260 |
_aBarcelona : _bCabildo Insular de Tenerife, _c1927 ( _fDalmau Oliveres) |
||
| 300 |
_a230 p. ; _c22 cm. |
||
| 651 | 4 |
_aTenerife- _xDescripción. _9161044 |
|
| 710 | 1 |
_aTenerife. _bCabildo Insular. _96938 |
|
| 852 |
_aES-MaACL _jA-2820 |
||
| 999 |
_c76639 _d76639 |
||